000
00408nam a22001577a 4500
003
MPLRDC
005
20220104114146.0
008
210129b ||||| |||| 00| 0 eng d
082
_a
868.71 FXH
100
_a
傅兴汉责任编辑
245
_a
动地吟. 诗曲集
_c
260
_a
马来西亚
_b
雪兰莪中华大会堂
_c
1989
300
_b
64
650
_a
马华文学--诗歌
942
_c
BK
_o
868.71 FXH
999
_c
5284
_d
5274